000 00428cam a22001097a 4500
008 180718b1985 xxu||||| |||| 00| 0 eng d
082 _aY42 F739
245 _aForestry extension organization
_cby Food and Agriculture Organization of the United Nations
260 _aRome
_bFood and Agriculture Organization of the United Nations
_c1985
300 _a167+p.
700 _aItaly. Food and Agriculture Organization of the United Nations
999 _c499209
_d499209